Marvel Villains Starting with E (by picture) - Statistics

General Stats
  • This quiz has been taken 66 times
  • The average score is 8 of 14
Answer Stats
Picture Answer % Correct
Electro
100%
8-Ball
94%
Egghead
89%
Ego the Living Planet
89%
Enchantress
87%
Enchantress (Sylvie Lushton)
87%
Executioner
85%
Ebony Maw
83%
Eel
30%
Ezekiel Stane
26%
Equinox
19%
Empath
13%
Emerald Warlock
11%
Enforcer
11%
No matching quizzes found
Score Distribution
Percent of People with Each Score
Percentile by Number Answered
Your Score History
You have not taken this quiz